000 00271nam a22001097a 4500
008 160621b xxu||||| |||| 00| 0 eng d
100 _9262
_aKane, R, B
245 _aMeeting Mathematics
260 _aN.Y
_bLitton Edu.
_c1973
300 _aMeeting Mathematics
942 _2ddc
_cBK
999 _c209
_d209